| 000 | 00687nam a2200205 i 4500 | ||
|---|---|---|---|
| 001 | 145762 | ||
| 003 | ES-MaACL | ||
| 007 | t| | ||
| 008 | 071016s1982 sp ||||1| spa d | ||
| 100 | 1 |
_aVecilla Castellanos, Pedro de la. _9113513 |
|
| 245 | 1 | 3 |
_aEl león de España / _cpor Pedro de la Vecilla Castellanos. |
| 260 |
_aLéon : _bDiputación Provincial, _c[1982] |
||
| 300 |
_a2 v. ; _c14 cm. |
||
| 534 |
_pReprod. facs. de la ed. impresa en: _c-- Salamanca : Juan Fernández, 1586. |
||
| 655 | 7 |
_2tgfbne _9226495 _aFacsímiles |
|
| 710 | 1 |
_aLeón (Provincia). _bDiputación Provincial. _95494 |
|
| 852 |
_aES-MaACL _jL-4747-8 |
||
| 942 | _2udc | ||
| 999 |
_c145762 _d145762 |
||